Cezhraničnej spolupráci by pomohli daňové prázdniny

Bibliographic Details
Main Author: (ela) (Author)
Corporate Author: Občianske združenie za hospodársky rozvoj Gemera (Author)
Format: Article
Language:Slovak
Subjects:

MARC

LEADER 00000nab a2200000 a 4500
001 vtls001010050
003 SK-MaSNL
005 20260303040323.0
008 040720e20020218xo 0 slo
035 |a RV10650 
040 |a RVGKPD  |b slo  |c RVGKPD  |e AACR2 
041 0 |a slo 
044 |a xo  |c SK 
080 |a 061.25  |2 1981 
100 0 |a (ela)  |4 aut  |9 855197 
245 1 0 |a Cezhraničnej spolupráci by pomohli daňové prázdniny 
610 2 7 |a Občianske združenie za hospodársky rozvoj Gemera  |2 RVGKPD  |9 1024193 
650 0 7 |a spolupráca zahraničná  |2 RVGKPD  |9 878198 
651 7 |a Gemer (Slovensko : región)  |2 RVGKPD  |9 173411 
655 7 |a periodikum  |2 snkbucl  |9 29553 
710 2 |a Občianske združenie za hospodársky rozvoj Gemera  |4 aut  |9 1024193 
773 0 8 |t Gemerský denník  |g Roč. 4, č.41, 18.2.2002, s. 1 
852 |a ZVYKNI  |b KIS3GCP 
999 |c 1681421  |d 1683351